000 00286nam a22001337a 4500
003 SGT
082 _a617.3
_bC17S
100 _aSHRIVASTAVA, POOJA
245 _aA COMPARATIVE STUDY OF HAMSTRING
260 _aSGTU
_c2017
300 _a80
650 _aPHYSIOTHERAPY
942 _2ddc
_cTH
999 _c20669
_d20669